01270nam a2200337Ia 4500001001200000003000800012006001900020007001500039008004100054010001700095020001500112020002800127024001800155040002100173035002100194050002400215082002000239100001800259245012600277250001200403260004300415300001600458504006600474533015200540650003000692651002100722655002900743710001700772856012600789999001700915ebr10150394CaPaEBRm u cr cn|||||||||051219s2006 nyu sb 001 0 eng d z 2005058652 z1403982864 z1403966354 (alk. paper)3 z9781403966353 aCaPaEBRcCaPaEBR a(OCoLC)56796500314aG155.M6bB47 2006eb04a338.4/791722221 aBerger, Dina.14aThe development of Mexico's tourism industryh[electronic resource] :bpyramids by day, martinis by night /cDina Berger. a1st ed. aNew York :bPalgrave Macmillan,c2006. axvi, 164 p. aIncludes bibliographical references (p. [153]-158) and index. aElectronic reproduction.bPalo Alto, Calif. :cebrary,d2009.nAvailable via World Wide Web.nAccess may be limited to ebrary affiliated libraries. 0aTourismzMexicoxHistory. 0aMexicoxHistory. 7aElectronic books.2local2 aebrary, Inc.40uhttp://site.ebrary.com/lib/rucke/Doc?id=10150394zAn electronic book accessible through the World Wide Web; click to view c94592d94592